00462nam a2200181 a 4500001001300000003000900013005001700022008004100039020001000080082001600090100002700106245002100133260003400154300000800188500003500196650002200231700002700253nice12345678IN_TiNIC20260116011823.0070716s0000 hyda grp 000 0 urd  ac10000a297.63bWAS aWasfi, Shaikh Mohiudin aWiladat-E-nabawi aHyderabadbNo Publisherc0000 a91p aincludes index and biblioraphy aMuhammad, Prophet1 aWasfi, Shaikh Mohiudin